000 00413nam a22001577a 4500
005 20160521112811.0
008 160521b xxu||||| |||| 00| 0 eng d
020 _a0-471-41253-8
041 _aeng
082 _b3728
100 _aDevendra K. Mishra
_9942
245 _aRadio Freauency and Microwave Communication cercuits
260 _bJohn Willy & Sons Inc
650 _aDIPLOMA ENGINEERING
_9817
942 _cBK
999 _c1284
_d1284